| 000 | 00599nam a2200193 a 4500 | ||
|---|---|---|---|
| 001 | 3719 | ||
| 003 | CDMR | ||
| 005 | 20130523173932.0 | ||
| 008 | 130130s1914||||||||||||||||||||||||||||d | ||
| 040 |
_aCDMR _bcat _cCDMR |
||
| 100 | 1 |
_aSarda, Joan _92457 |
|
| 245 | 1 | 0 |
_aVariedades literarias _cJuan Sardá _b: crítica bibliográfica |
| 260 |
_aBarcelona _c1914 _bLibrería de Francisco Puig y Alfonso |
||
| 300 |
_a352p ; _c20 cm |
||
| 490 | 0 |
_aObras escogidas. Serie castellana _v1 |
|
| 650 | 0 | 4 |
_aPeriodistes catalans _vReculls d´articles _94 |
| 700 | 1 |
_aRoca i Roca, Josep _epr. _92288 |
|
| 942 |
_cMON _2udc |
||
| 999 |
_c3719 _d3719 |
||